000 00576nam a22001937a 4500
003 Ost
005 20260313072105.0
008 260313b |||||||| |||| 00| 0 eng d
020 _a9780367593483
040 _cBT-PhCST
050 _a25775-25776
082 _222
_a363.6109
_bc2018.
100 _aBell, Sarah.
245 _aUrban water sustainability :
_bconstructing infrastructure for cities and nature /
260 _aLondon :
_bRoutledge Taylor and Francis Group,
_cc2018.
300 _axiii, 185 p. :
_bill. ;
_c23 cm.
500 _aIncludes index.
942 _2ddc
_cWRE
999 _c10205
_d10205